[Event "Berlin Lichtenberger Sommer 3th"]
[Site "Berlin"]
[Date "2004.08.17"]
[Round "4.71"]
[White "Koerner, Helmut"]
[Black "Holtz, Anja"]
[Result "1-0"]
[WhiteElo "1734"]
[BlackElo "1005"]
[PlyCount "73"]
[EventDate "2004.08.14"]
[EventType "swiss"]
[EventRounds "9"]
[EventCountry "GER"]
[SourceTitle "EXT 2022"]
[Source "ChessBase"]
[SourceDate "2021.10.06"]
[SourceVersion "1"]
[SourceVersionDate "2021.10.06"]
[SourceQuality "1"]

1. b4 e5 2. Bb2 e4 3. c4 Bxb4 4. Bxg7 Nf6 5. Bxh8 Nc6 6. e3 d6 7. Qb3 Be6 8. Qb2 Ng4 9. Bc3 Ba5 10. Bxa5 Nxa5 11. Qh8+ Kd7 12. Qxd8+ Rxd8 13. Na3 Kc8 14. d4 exd3 15. Bxd3 f5 16. Nf3 Rg8 17. Nd4 Bd7 18. Nxf5 Kd8 19. Ng3 Nf6 20. Ke2 Nc6 21. Rab1 b6 22. Nb5 Bg4+ 23. f3 Be6 24. Nd4 Nxd4+ 25. exd4 c6 26. Kf2 d5 27. c5 Kc7 28. cxb6+ axb6 29. Rhe1 Bd7 30. Re7 h6 31. Rbe1 Rf8 32. Bf5 c5 33. dxc5 bxc5 34. Nh5 Nxh5 35. Bxd7 Nf4 36. Bb5+ Kd6 37. Rd7# 1-0